|
|
|
|
| LEADER |
00000nam a22000007a 4500 |
| 005 |
20220210224753.0 |
| 007 |
cr|||| ||| |
| 008 |
220210s2020 co |||||s|||| 00||0 spa d |
| 020 |
|
|
|a 978-958-784-553-2
|
| 035 |
|
|
|a 35912
|
| 040 |
|
|
|a vLex
|
| 090 |
|
|
|c 12943
|d 12943
|
| 100 |
1 |
|
|a Alzate Sanabria, Edier Alberto
|
| 245 |
1 |
0 |
|a Responsabilidad del Estado por actos terroristas
|h [Recurso electrn̤ico] :
|b estudio de derecho comparado entre Colombia y Espaą /
|c Edier Alberto Alzate Sanabria
|
| 256 |
|
|
|a Servicio en ln̕ea
|
| 260 |
|
|
|a Bogot:̀
|b Universidad del Rosario,
|c 2020
|
| 300 |
|
|
|a 1 recurso electrn̤ico
|
| 506 |
1 |
|
|a Disponible solo en los productos indicados
|d vLex Global
|d vLex Global (Academic Edition, excluding Law Schools)
|d vLex Global (U.S. Academic Edition, Law Schools)
|d vLex Global (U.S. Academic Edition, excluding Law Schools)
|d vLex Global (Academic Edition, Law Schools)
|
| 650 |
0 |
4 |
|a Derecho Internacional
|z Colombia
|
| 740 |
0 |
|
|a vLex Libros (Servicio en ln̕ea)
|
| 856 |
4 |
0 |
|u https://app.vlex.com/#/sources/35912
|z Acceso restringido
|
| 942 |
|
|
|c BOOK
|
| 999 |
0 |
|
|a International right
|